الوعي القانوني لدي طلاب المرحلة الثانوية /

تؤكد حركة التاريخ الاجتماعي علي ان الإنسان لا يمكنه أن يعيش منفردا بل يعيش مع غيره من أفراد مجتمعه باعتباره كائنا اجتماعيا ومن ثم تتكون المجتمعات الصغيرة والكبيرة والبسيطة والمركبو علي حد سواء لتحقيق مصالح اجتماعية مشتركة تحتاجها تلك المجتمعات وتحرص المجتمعات علي ضبط سلوك أفرادها عن طريق القانون وآ...

全面介紹

Saved in:
書目詳細資料
主要作者: سلام، محمد توفيق
其他作者: محمد، جيهان كمال، (مشرف عام.), سلام، محمد توفيق، (باحث.)
格式: 圖書
語言:阿拉伯语
出版: القاهرة : المركز القومي للبحوث التربوية والتنمية، 2015.
主題:
標簽: 添加標簽
沒有標簽, 成為第一個標記此記錄!

MARC

LEADER 00000nam a2200000 4500
003 INP
005 20181115134310.0
008 180213s2015 ua j|||fr 00| 0 ara d
952 |0 0  |1 0  |4 0  |6 373_011000000000000_م_و  |7 0  |8 arabic_Boo  |9 9547  |a INP  |b INP  |c MAIN  |d 2018-05-17  |l 0  |o 373.011 م و  |p 010221  |r 2022-03-28 00:00:00  |w 2018-05-17  |y BK  |0 0 
999 |c 3212  |d 3212 
017 |a 2015/17864  |b مصر. دار الكتب 
020 |a 9789773174040 
040 |a EG-INP  |b ara  |c EG-INP 
082 0 4 |2 21  |a 373.011  |b م و 
100 1 |a سلام، محمد توفيق. 
245 1 2 |a الوعي القانوني لدي طلاب المرحلة الثانوية /   |c محمد توفيق سلام ؛ إشراف جيهان كمال محمد. 
260 |a القاهرة :   |b المركز القومي للبحوث التربوية والتنمية،   |c 2015. 
300 |a 108 ص. :   |b إيض. ؛   |c 24 سم. 
504 |a يشتمل علي إرجاعت ببليوجرافية. 
520 |a تؤكد حركة التاريخ الاجتماعي علي ان الإنسان لا يمكنه أن يعيش منفردا بل يعيش مع غيره من أفراد مجتمعه باعتباره كائنا اجتماعيا ومن ثم تتكون المجتمعات الصغيرة والكبيرة والبسيطة والمركبو علي حد سواء لتحقيق مصالح اجتماعية مشتركة تحتاجها تلك المجتمعات وتحرص المجتمعات علي ضبط سلوك أفرادها عن طريق القانون وآليات تنفيذه تجنبا للمشكلات والاعتداءات محافظة علي الأمن العام 
650 7 |2 qrmak  |a التعليم   |x أغراضة وأهدافة. 
650 7 |2 qrmak  |a التعليم الثانوى  |x مناهج. 
650 7 |2 qrmak  |a التعليم الثانوى. 
700 1 |a محمد، جيهان كمال،   |e مشرف عام. 
700 1 |a سلام، محمد توفيق،   |e باحث. 
901 |a EGPV6 
902 |a EGPV20 
903 |a original 
942 |2 ddc  |c BK